Las encuestas en el planeamiento : (Record no. 19464)

MARC details
000 -CABECERA
campo de control de longitud fija 00734nam a2200193 a 4500
005 - FECHA Y HORA DE LA ÚLTIMA TRANSACCIÓN
campo de control 20250524063828.0
008 - ELEMENTOS DE LONGITUD FIJA--INFORMACIÓN GENERAL
campo de control de longitud fija 991125s1958 ea 000 0 spa u
035 ## - NÚMERO DE CONTROL DEL SISTEMA
Número de control de sistema UPN01000019464
049 ## - COLECCIÓN
Colección F
050 #4 - SIGNATURA TOPOGRÁFICA DE LA BIBLIOTECA DEL CONGRESO
Número de clasificación LA422
Número de documento/Ítem U5.3
110 2# - ASIENTO PRINCIPAL--NOMBRE CORPORATIVO
Nombre de entidad corporativa o nombre de jurisdicción como elemento de entrada UNESCO.
Unidad subordinada Seminario Interamericano sobre Planeamiento Integral de la Educación
245 14 - MENCIÓN DE TÍTULO
Título Las encuestas en el planeamiento :
Resto del título tema 2.6 de la agenda /
Mención de responsabilidad, etc. UNESCO, Seminario Interamericano sobre Planeamiento Integral de la Educación.
260 ## - PUBLICACIÓN, DISTRIBUCIÓN, ETC.
Lugar de publicación, distribución, etc. Washington, D. C. :
Nombre del editor, distribuidor, etc. Unión Panamericana,
Fecha de publicación, distribución, etc. 1958.
300 ## - DESCRIPCIÓN FÍSICA
Extensión 9 p.
520 ## - NOTA DE RESUMEN, ETC.
Sumario, etc. "Doc. 8 (español) 30 enero 1958 original : español"
650 #4 - ASIENTO SECUNDARIO DE MATERIA - TERMINO TEMATICO
Término de materia o nombre geográfico como elemento de entrada Educación
Subdivisión de forma Estadística
9 (RLIN) 7284
650 #4 - ASIENTO SECUNDARIO DE MATERIA - TERMINO TEMATICO
Término de materia o nombre geográfico como elemento de entrada Encuestas educativas
9 (RLIN) 13849
905 ## - TIPO DE MATERIAL
Tipo de material Libro
Holdings
Estado de retiro Estado de pérdida Fuente del sistema de clasificación o colocación Estado dañado No para préstamo Código de colección Localización permanente Ubicación/localización actual Ubicación en estantería Total de préstamos Clasificación Código de barras Fecha visto por última vez Número de copia Tipo de ítem Koha
    Library of Congress Classification   Folletos Folletería Bib. Gregorio Torres Quintero Bib. Gregorio Torres Quintero Folletos   LA422 U5.3 11993F 31/12/2020 1 Libro